<?xml version="1.0" encoding="UTF-8"?><?xml-stylesheet type="text/xsl" href="static/style.xsl"?><OAI-PMH xmlns="http://www.openarchives.org/OAI/2.0/" xmlns:xsi="http://www.w3.org/2001/XMLSchema-instance" xsi:schemaLocation="http://www.openarchives.org/OAI/2.0/ http://www.openarchives.org/OAI/2.0/OAI-PMH.xsd"><responseDate>2026-04-27T20:12:24Z</responseDate><request verb="GetRecord" identifier="oai:uvadoc.uva.es:10324/3971" metadataPrefix="marc">https://uvadoc.uva.es/oai/request</request><GetRecord><record><header><identifier>oai:uvadoc.uva.es:10324/3971</identifier><datestamp>2021-06-29T09:39:15Z</datestamp><setSpec>com_10324_38</setSpec><setSpec>col_10324_852</setSpec></header><metadata><record xmlns="http://www.loc.gov/MARC21/slim" xmlns:doc="http://www.lyncode.com/xoai" xmlns:xsi="http://www.w3.org/2001/XMLSchema-instance" xmlns:dcterms="http://purl.org/dc/terms/" xsi:schemaLocation="http://www.loc.gov/MARC21/slim http://www.loc.gov/standards/marcxml/schema/MARC21slim.xsd">
<leader>00925njm 22002777a 4500</leader>
<datafield tag="042" ind1=" " ind2=" ">
<subfield code="a">dc</subfield>
</datafield>
<datafield tag="720" ind1=" " ind2=" ">
<subfield code="a">Girona Dorado, Cristina</subfield>
<subfield code="e">author</subfield>
</datafield>
<datafield tag="260" ind1=" " ind2=" ">
<subfield code="c">2013</subfield>
</datafield>
<datafield tag="520" ind1=" " ind2=" ">
<subfield code="a">Debido al aumento de alumnos de diversas culturas en nuestros centros, la mayor atención a la diversidad que eso supone y los cambios sociales que se están produciendo en los últimos años en las aulas, la educación ha tenido que ir adaptándose para ofrecer unos contenidos globalizados, abiertos y adecuados para todos.&#xd;
En este trabajo de Fin de Grado, se presenta una propuesta de intervención para alumnos del segundo ciclo de Educación Infantil para, demostrar con dicha práctica, cómo un maestro/a puede incorporar materiales de una ONG en un aula con alumnos de entre cinco y seis años y así concienciar a los alumnos de las desigualdades que encontramos en nuestro planeta y educarles para el desarrollo. Para ello se parte de una justificación teórica basada en la educación no formal, la educación para el desarrollo y las Organizaciones No Gubernamentales.</subfield>
</datafield>
<datafield tag="024" ind2=" " ind1="8">
<subfield code="a">http://uvadoc.uva.es/handle/10324/3971</subfield>
</datafield>
<datafield ind1=" " ind2=" " tag="653">
<subfield code="a">Educacion no formal</subfield>
</datafield>
<datafield ind1=" " ind2=" " tag="653">
<subfield code="a">Educación para la diversidad</subfield>
</datafield>
<datafield ind1=" " ind2=" " tag="653">
<subfield code="a">Educación en valores</subfield>
</datafield>
<datafield tag="245" ind1="0" ind2="0">
<subfield code="a">La educación no formal en el aula de Educación Infantil a través de los materiales de una ONG</subfield>
</datafield>
</record></metadata></record></GetRecord></OAI-PMH>